000 00326nam a2200133Ia 4500
008 151001s9999||||xx |||||||||||||| ||und||
100 _aप्रकाश कदम
245 _aहर हर महादेव
250 _a1
260 _bसुकृत
260 _c२०१३
300 _a288
365 _b21
999 _c1002195
_d1002192